[Event "5th Classic Open 2013"]
[Site "London ENG"]
[Date "2013.12.10"]
[Round "4.57"]
[White "Ociepka, Adrian"]
[Black "Cannon, Raymond C"]
[Result "1-0"]
[WhiteElo "2157"]
[BlackElo "1975"]
[WhiteFideId "1141937"]
[BlackFideId "408018"]
[EventDate "2013.12.07"]

1. e4 d6 2. d4 Nf6 3. Nc3 g6 4. Be3 c6 5. Qd2 b5 6. Bd3 Nbd7 7. Nf3 Nb6 8. h3
Nc4 9. Bxc4 bxc4 10. O-O Bg7 11. Bh6 O-O 12. Rfe1 Qa5 13. Bxg7 Kxg7 14. Qf4 Rb8
15. Rab1 Be6 16. Qg3 Rb7 17. Ng5 h6 18. Nxe6+ fxe6 19. e5 Nh5 20. Qe3 d5 21. b3
cxb3 22. axb3 Kh7 23. Ra1 Qd8 24. Na4 Ng7 25. Nc5 Rc7 26. Qd2 Qe8 27. Ra6 Qf7
28. Rea1 Nf5 29. Rxa7 Rxa7 30. Rxa7 Rb8 31. c3 g5 32. b4 Rg8 33. g3 g4 34. h4
Nxh4 35. gxh4 g3 36. Qd3+ Rg6 37. fxg3 Qf4 38. Qxg6+ 1-0

[Event "5th Classic Open 2013"]
[Site "London ENG"]
[Date "2013.12.10"]
[Round "4.58"]
[White "Wood, Peter R"]
[Black "Sathyanandha, Saravanan"]
[Result "0-1"]
[WhiteElo "1970"]
[BlackElo "2144"]
[WhiteFideId "422215"]
[BlackFideId "470929"]
[EventDate "2013.12.07"]

1. e4 e6 2. d4 d5 3. e5 c5 4. c3 Qb6 5. a3 Nc6 6. Nf3 Nh6 7. b4 cxd4 8. cxd4 Nf5
9. Bb2 Bd7 10. g4 Nfe7 11. Nc3 Na5 12. Nd2 Rc8 13. Rb1 Nc4 14. Nxc4 dxc4 15. Bg2
Nd5 16. Qd2 Bc6 17. O-O Be7 18. f4 O-O 19. Rbe1 Rfd8 20. Nxd5 Bxd5 21. Bc3 Bxg2
22. Kxg2 Rd5 23. Qe3 Qa6 24. Ra1 Qa4 25. Kg3 Rcd8 26. Rfd1 R8d7 27. h4 Bd8 28.
f5 Rxe5 29. Qf3 Red5 30. fxe6 fxe6 31. Rf1 Bc7+ 32. Kh3 Bd6 33. Rae1 Qc2 34.
Rxe6 Qh2# 0-1

[Event "5th Classic Open 2013"]
[Site "London ENG"]
[Date "2013.12.10"]
[Round "4.59"]
[White "Tozer, Philip A A"]
[Black "Faldon, David J"]
[Result "1-0"]
[WhiteElo "2141"]
[BlackElo "1960"]
[WhiteFideId "419982"]
[BlackFideId "426016"]
[EventDate "2013.12.07"]

1. c4 e6 2. g3 d5 3. Bg2 d4 4. Nf3 Nc6 5. O-O Nf6 6. e3 Be7 7. b3 O-O 8. Bb2 e5
9. exd4 exd4 10. d3 Re8 11. Na3 Bg4 12. h3 Bh5 13. Nc2 Qd7 14. Kh2 Rad8 15. Qd2
Bd6 16. Nfxd4 Ne5 17. f4 c5 18. Nf3 Nxf3+ 19. Bxf3 Bxf3 20. Rxf3 Be7 21. Re1 Qf5
22. Re5 Qd7 23. Rfe3 Kf8 24. Qe2 Qc7 25. d4 cxd4 26. Nxd4 Bc5 27. Nb5 Bxe3 28.
Nxc7 Rd2 29. Qxd2 Bxd2 30. Ba3+ 1-0

[Event "5th Classic Open 2013"]
[Site "London ENG"]
[Date "2013.12.10"]
[Round "4.60"]
[White "White, David J"]
[Black "Pienabarca, Nicola"]
[Result "1/2-1/2"]
[WhiteElo "1915"]
[BlackElo "2139"]
[WhiteFideId "402931"]
[BlackFideId "806641"]
[EventDate "2013.12.07"]

1. e4 e5 2. f4 exf4 3. Nf3 g5 4. h4 g4 5. Ne5 d6 6. Nxg4 Nf6 7. Nxf6+ Qxf6 8.
Nc3 Nc6 9. Bb5 Qg6 10. Qf3 a6 11. Bxc6+ bxc6 12. d3 Rg8 13. Bxf4 Qxg2 14. Qxg2
Rxg2 15. O-O-O Rg4 16. Bd2 h5 17. Ne2 Be7 18. Nf4 Bxh4 19. Nxh5 Be6 20. Ng7+ Kd7
21. Nxe6 fxe6 22. Rdg1 Rag8 23. Rxg4 Rxg4 24. Be3 Bg5 25. Bxg5 Rxg5 26. Rh7+ Kc8
27. Kd2 e5 28. b4 Kb7 29. Rd7 Rg1 30. Kc3 Ra1 1/2-1/2

[Event "5th Classic Open 2013"]
[Site "London ENG"]
[Date "2013.12.10"]
[Round "4.61"]
[White "Quinn, John M"]
[Black "Boger, Raymond"]
[Result "1-0"]
[WhiteElo "2130"]
[BlackElo "1937"]
[WhiteFideId "405043"]
[BlackFideId "1507419"]
[EventDate "2013.12.07"]

1. d4 g6 2. c4 Bg7 3. Nf3 d6 4. Nc3 e5 5. g3 Nc6 6. dxe5 dxe5 7. Qxd8+ Nxd8 8.
Nb5 Ne6 9. Ng5 Nxg5 10. Bxg5 h6 11. Be3 Kd8 12. O-O-O+ Bd7 13. Bg2 c6 14. Nd6
Kc7 15. Nxb7 Nf6 16. Nc5 Bg4 17. Rd2 Rhd8 18. Rhd1 Rxd2 19. Rxd2 Bc8 20. h3 Ne8
21. f4 Nd6 22. b3 exf4 23. Bxf4 Bf8 24. Ne4 1-0

[Event "5th Classic Open 2013"]
[Site "London ENG"]
[Date "2013.12.10"]
[Round "4.63"]
[White "Harari, Zaki"]
[Black "Nettleton, Charlie B"]
[Result "1-0"]
[WhiteElo "2118"]
[BlackElo "1913"]
[WhiteFideId "2002639"]
[BlackFideId "419710"]
[EventDate "2013.12.07"]

1. e4 d6 2. g3 g6 3. Bg2 Bg7 4. d4 Nd7 5. Nc3 a6 6. Nge2 Rb8 7. O-O b5 8. a3 Nb6
9. f4 Bg4 10. h3 Bxe2 11. Nxe2 c5 12. dxc5 dxc5 13. e5 Qc7 14. Nc3 Nh6 15. g4
O-O 16. a4 Rfd8 17. Qe2 b4 18. Ne4 c4 19. Kh1 f6 20. f5 Qxe5 21. Bf4 Qxb2 22.
Bxb8 Rxb8 23. a5 gxf5 24. axb6 fxe4 25. Qxc4+ Kh8 26. Qc7 Qe5 27. Qxe5 fxe5 28.
Rxa6 Ng8 29. Bxe4 Nf6 30. Bc6 1-0

[Event "5th Classic Open 2013"]
[Site "London ENG"]
[Date "2013.12.10"]
[Round "4.64"]
[White "Hill, Alistair"]
[Black "Schmitz, Tim"]
[Result "1-0"]
[WhiteElo "2097"]
[BlackElo "1909"]
[WhiteFideId "432407"]
[BlackFideId "1270221"]
[EventDate "2013.12.07"]

1. Nf3 Nf6 2. g3 d5 3. Bg2 Nc6 4. d4 Bf5 5. O-O e6 6. c4 Bd6 7. Bg5 Bxb1 8. Rxb1
h6 9. cxd5 exd5 10. Bxf6 Qxf6 11. Qb3 Nxd4 12. Nxd4 Qxd4 13. Qxb7 O-O 14. Rfd1
Qe5 15. e3 Rab8 16. Qxa7 Rxb2 17. Rxb2 Qxb2 18. Bxd5 Re8 19. Qa4 Rb8 20. Qc4 Qf6
21. Qe4 Kf8 22. Rb1 Rxb1+ 23. Qxb1 Ke7 24. a4 Qe5 25. Qb3 f5 26. Kg2 g5 27. a5
f4 28. exf4 gxf4 29. a6 Bc5 30. Bf3 Qd4 31. Qc2 Kf6 32. gxf4 Bb6 33. Be4 h5 34.
Qe2 h4 35. Qf3 Qb2 36. Bd3 Qd4 37. Qc6+ Ke7 38. Qe4+ Qxe4+ 39. Bxe4 Kd6 40. f3
Be3 41. Kh3 Bf2 42. Kg4 Ke7 43. Kg5 Kf8 44. h3 Kg7 45. Bd5 Kf8 46. Kf6 Bd4+ 47.
Ke6 Kg7 48. Kd7 Bb6 49. Kc6 Kf6 50. Be4 1-0

[Event "5th Classic Open 2013"]
[Site "London ENG"]
[Date "2013.12.10"]
[Round "4.65"]
[White "Jacob, Sydney J"]
[Black "Seymour, Timothy P"]
[Result "1/2-1/2"]
[WhiteElo "1907"]
[BlackElo "2094"]
[WhiteFideId "419338"]
[BlackFideId "412112"]
[EventDate "2013.12.07"]

1. d4 Nf6 2. c4 e6 3. Nf3 b6 4. g3 Ba6 5. Qc2 Bb4+ 6. Bd2 Be7 7. Bg2 c6 8. O-O
O-O 9. Bg5 h6 10. Bf4 Nh5 11. Bc1 d5 12. b3 Nd7 13. Re1 Nhf6 14. Nbd2 c5 15.
dxc5 Bxc5 16. Bb2 Rc8 17. Rad1 dxc4 18. bxc4 b5 19. Nb3 Bb4 20. Rf1 bxc4 21.
Bxf6 cxb3 22. Qxb3 gxf6 23. Qxb4 Bxe2 24. Qg4+ Kh8 25. Qh4 Kg7 26. Qg4+ Kh8 27.
Qh4 Bxd1 28. Rxd1 Kg7 29. Qg4+ Kh7 30. Nh4 Rc5 31. Qd4 Rc7 32. Qg4 f5 33. Qf4
Rg8 34. Qd6 1/2-1/2

[Event "5th Classic Open 2013"]
[Site "London ENG"]
[Date "2013.12.10"]
[Round "4.66"]
[White "McCarthy, Damian"]
[Black "Grove, Michael"]
[Result "0-1"]
[WhiteElo "1905"]
[BlackElo "2091"]
[WhiteFideId "422240"]
[BlackFideId "2403943"]
[EventDate "2013.12.07"]

1. e4 e5 2. Nf3 Nc6 3. d4 exd4 4. Bc4 Nf6 5. e5 d5 6. Bb5 Ne4 7. Nxd4 Bd7 8.
Bxc6 bxc6 9. O-O Bc5 10. f3 Ng5 11. f4 Ne4 12. Be3 O-O 13. Nd2 Nxd2 14. Qxd2 Qe7
15. Nb3 Bb6 16. Qc3 f6 17. Bc5 fxe5 18. fxe5 Rxf1+ 19. Rxf1 Rf8 20. Qd4 Rxf1+
21. Kxf1 Qf7+ 22. Qf2 Bf5 23. Bd4 Bxc2 24. Qxf7+ Kxf7 25. Nc5 a5 26. b3 Bxc5 27.
Bxc5 Ke6 28. Bd4 c5 29. Bxc5 Kxe5 30. Ke2 d4 31. g3 Kd5 32. Bf8 Bb1 33. a3 c5
34. Kd2 g6 35. Be7 Be4 36. h4 a4 37. bxa4 c4 38. Bb4 c3+ 39. Kc1 Kc4 40. Bf8 d3
41. Bh6 d2+ 42. Bxd2 cxd2+ 43. Kxd2 h5 44. Ke3 Bf5 45. Kf4 Kc5 0-1

[Event "5th Classic Open 2013"]
[Site "London ENG"]
[Date "2013.12.10"]
[Round "4.67"]
[White "Villiers, Thomas"]
[Black "Whatley, Stephen A J"]
[Result "1-0"]
[WhiteElo "2078"]
[BlackElo "1852"]
[WhiteFideId "427209"]
[BlackFideId "420441"]
[EventDate "2013.12.07"]

1. c4 Nf6 2. g3 g6 3. Nc3 e5 4. Bg2 Bg7 5. e4 d6 6. Nge2 Nc6 7. O-O Bg4 8. h3
Be6 9. d3 Qd7 10. Kh2 h5 11. a3 Nh7 12. f4 O-O-O 13. Be3 Kb8 14. b4 h4 15. f5
gxf5 16. exf5 Bxf5 17. Bxc6 bxc6 18. Qa4 c5 19. Rxf5 Qxf5 20. Nb5 Kc8 21. Nxa7+
Kb8 22. Nc6+ Kc8 23. Ne7+ Kb7 24. Nxf5 e4 25. Nxg7 exd3 26. bxc5 1-0

[Event "5th Classic Open 2013"]
[Site "London ENG"]
[Date "2013.12.10"]
[Round "4.68"]
[White "Puccini, Jack"]
[Black "Solli, Oddvar"]
[Result "1/2-1/2"]
[WhiteTitle "CM"]
[WhiteElo "2073"]
[BlackElo "1849"]
[WhiteFideId "3213307"]
[BlackFideId "1501208"]
[EventDate "2013.12.07"]

1. e4 c6 2. d4 d5 3. f3 e6 4. Nc3 Nf6 5. e5 Nfd7 6. f4 c5 7. Nf3 Nc6 8. Be3 a6
9. Qd2 b5 10. Be2 Bb7 11. O-O Be7 12. Nd1 cxd4 13. Nxd4 Qc7 14. Nf2 O-O 15. Nxc6
Qxc6 16. Bd4 Rac8 17. c3 Nc5 18. Rac1 Rfd8 19. Qe3 Qd7 20. Bg4 Bf8 21. Nd3 Ne4
22. f5 Qe8 23. fxe6 fxe6 24. Rf3 Rc6 25. Rcf1 Be7 26. Qf4 Bc8 27. Qf7+ Qxf7 28.
Rxf7 Re8 29. Be3 Rc4 30. Be2 Rc7 31. g3 Rf8 32. Rxf8+ Bxf8 33. Bg4 Bc5 34. Bxc5
Nxc5 35. Nxc5 Rxc5 36. Rf4 Rc6 37. Kf2 Bd7 38. h4 Be8 39. h5 Bf7 40. Ke3 Kf8 41.
a4 Ke7 42. axb5 axb5 43. Be2 Rb6 44. Rh4 Be8 45. Bd3 h6 46. Rg4 Kf8 47. Rf4+ Ke7
48. Bg6 Ra6 49. Bxe8 Kxe8 50. Rb4 Ra1 51. Ke2 Rh1 52. g4 Rg1 53. Kf2 Rd1 54.
Rxb5 Rd2+ 55. Ke3 Rd1 56. Ke2 Rg1 57. Rb4 Rg2+ 58. Kf3 Rc2 59. Ke3 Rc1 60. Kd4
Re1 61. Kc5 Rxe5 62. Kd6 Re4 63. Rb7 Kf8 64. Re7 d4 65. cxd4 Rxd4+ 66. Ke5 Rxg4
67. Rxe6 Rb4 68. Ra6 Rxb2 69. Ra8+ Kf7 70. Ra7+ Kg8 71. Ra8+ Kh7 72. Kf4 1/2-1/2

[Event "5th Classic Open 2013"]
[Site "London ENG"]
[Date "2013.12.10"]
[Round "4.69"]
[White "De Lagontrie, Jean"]
[Black "Bass, John W"]
[Result "1/2-1/2"]
[WhiteElo "1775"]
[BlackElo "2048"]
[WhiteFideId "605271"]
[BlackFideId "407925"]
[EventDate "2013.12.07"]

1. d4 Nf6 2. c4 e6 3. Nc3 Bb4 4. e3 O-O 5. Ne2 b6 6. a3 Be7 7. Ng3 c5 8. d5 d6
9. e4 exd5 10. exd5 Re8 11. Be2 Nbd7 12. O-O Ne5 13. h3 a6 14. a4 Rb8 15. Be3
Bf8 16. Qd2 Bd7 17. Rfe1 Ng6 18. Bd3 Ne5 19. Be2 1/2-1/2

[Event "5th Classic Open 2013"]
[Site "London ENG"]
[Date "2013.12.10"]
[Round "4.70"]
[White "Burke, John S"]
[Black "Kalerwa, Edwin M"]
[Result "1-0"]
[WhiteElo "2045"]
[BlackElo "1820"]
[WhiteFideId "404322"]
[BlackFideId "422223"]
[EventDate "2013.12.07"]

1. e4 c5 2. Nc3 Nc6 3. f4 d6 4. Nf3 a6 5. Be2 e6 6. O-O Nf6 7. d3 Be7 8. Qe1 b5
9. e5 Nd7 10. exd6 Bxd6 11. Be3 O-O 12. Qf2 Nb4 13. Rac1 Be7 14. d4 c4 15. Ne5
f6 16. Nxd7 Qxd7 17. f5 Bb7 18. a4 Nd5 19. Nxd5 Bxd5 20. axb5 axb5 21. fxe6 Bxe6
22. Bf3 Ra2 23. c3 Bd5 24. Rc2 Rb8 25. Qg3 Rb6 26. Re2 Bf8 27. Bf4 Bxf3 28. Qxf3
b4 29. Rfe1 bxc3 30. bxc3 Rbb2 31. Rxb2 Rxb2 32. Qe4 Rb3 33. Bd2 Rb2 34. Bc1 Rb3
35. Bd2 Rb2 36. Re2 f5 37. Qe5 Bd6 38. Qd5+ Kf8 39. Qxc4 Bxh2+ 40. Kxh2 Qd6+ 41.
Kg1 Qg3 42. Qc8+ 1-0

[Event "5th Classic Open 2013"]
[Site "London ENG"]
[Date "2013.12.10"]
[Round "4.73"]
[White "Prior, Stephen C V"]
[Black "Bratteteig, Tore-Inge"]
[Result "1-0"]
[WhiteElo "2031"]
[BlackElo "1696"]
[WhiteFideId "423378"]
[BlackFideId "1510711"]
[EventDate "2013.12.07"]

1. e4 c6 2. d4 d5 3. e5 Bf5 4. Nf3 e6 5. Be2 Nd7 6. O-O c5 7. c4 Ne7 8. Nc3 cxd4
9. Nxd4 Bg6 10. cxd5 Nxd5 11. Nxd5 exd5 12. e6 Nf6 13. Qa4+ Ke7 14. Qb4+ 1-0

[Event "5th Classic Open 2013"]
[Site "London ENG"]
[Date "2013.12.10"]
[Round "4.74"]
[White "Taylor, William J"]
[Black "Altman, Joshua"]
[Result "1-0"]
[BlackTitle "CM"]
[WhiteElo "2017"]
[BlackElo "1626"]
[WhiteFideId "423130"]
[BlackFideId "426210"]
[EventDate "2013.12.07"]

1. e4 c5 2. Nf3 d6 3. d4 cxd4 4. Nxd4 Nf6 5. Nc3 g6 6. Be3 Bg7 7. f3 O-O 8. Qd2
Nc6 9. O-O-O d5 10. exd5 Nxd5 11. Nxc6 bxc6 12. Bd4 Bxd4 13. Qxd4 Qc7 14. Bc4
Nb6 15. Bb3 Ba6 16. Ne4 Rad8 17. Qc5 Rd7 18. Rxd7 Qxd7 19. Rd1 Qc7 20. Qa5 Bc8
21. Kb1 Rd8 22. Re1 Nd5 23. Qxc7 Nxc7 24. Ng5 e6 25. Ne4 Kg7 26. Ba4 Nb5 27. c4
Nd4 28. b3 e5 29. Kb2 f5 30. Nc5 Kf6 31. Kc3 Rd6 32. Re3 h6 33. Nd3 Re6 34. f4
exf4 35. Rxe6+ Nxe6 36. Bxc6 g5 37. b4 g4 38. a4 Ke7 39. a5 Kd6 40. Bd5 Nc7 41.
Nxf4 Nxd5+ 42. Nxd5 Bb7 43. Kd4 h5 44. g3 Bxd5 45. cxd5 f4 46. gxf4 h4 47. Ke3
Kxd5 48. f5 Ke5 49. b5 Kxf5 50. b6 axb6 51. axb6 h3 52. Kf2 1-0

[Event "5th Classic Open 2013"]
[Site "London ENG"]
[Date "2013.12.10"]
[Round "4.76"]
[White "Boyalakuntla, Siva"]
[Black "De Andres Gonalons, Fernando"]
[Result "0-1"]
[WhiteElo "1465"]
[BlackElo "2040"]
[WhiteFideId "423432"]
[BlackFideId "2221896"]
[EventDate "2013.12.07"]

1. c4 e6 2. e3 d5 3. Nf3 Nf6 4. Nc3 Be7 5. Be2 dxc4 6. Bxc4 O-O 7. a3 c5 8. O-O
Nc6 9. Qc2 a6 10. d4 cxd4 11. Rd1 e5 12. Ne2 Bg4 13. exd4 exd4 14. Nfxd4 Nxd4
15. Rxd4 Qb6 16. Rd2 Rac8 17. Qb3 Qc7 18. Rc2 Bxe2 19. Rxe2 b5 20. Bxf7+ Rxf7
21. Be3 Ng4 22. g3 Nxe3 23. Rxe3 Qc4 24. Qd1 Qc2 25. Qe1 Bf6 26. Re2 Qc4 27. Re4
Qc6 28. Re2 Bd4 29. Rd1 Qf6 30. Rdd2 Rcf8 31. Kf1 Ba7 32. Re6 Qf3 33. Qe4 Qxe4
34. Rxe4 Rxf2+ 35. Rxf2 Rxf2+ 36. Ke1 Rxb2 37. Re6 Bg1 38. Rxa6 Bxh2 39. a4
Bxg3+ 40. Kd1 bxa4 41. Rxa4 Rf2 42. Ra3 Bh4 43. Ra8+ Kf7 44. Ra7+ Kg6 45. Ra4
Bf6 46. Ke1 Rf5 0-1

[Event "5th Classic Open 2013"]
[Site "London ENG"]
[Date "2013.12.10"]
[Round "4.77"]
[White "Dror, Levi"]
[Black "Duncan, Patrick C M"]
[Result "0-1"]
[WhiteElo "1835"]
[BlackElo "2035"]
[WhiteFideId "2809583"]
[BlackFideId "405787"]
[EventDate "2013.12.07"]

1. e4 c6 2. d4 d5 3. e5 Bf5 4. Be3 e6 5. Nf3 Qb6 6. b3 Nd7 7. Bd3 Ne7 8. O-O
Bxd3 9. Qxd3 Nf5 10. c4 Qa6 11. Nbd2 c5 12. Qc3 cxd4 13. Bxd4 Rc8 14. g4 Nxd4
15. Qxd4 Bc5 16. Qf4 Nb6 17. Rfc1 O-O 18. a4 dxc4 19. Nxc4 Nd5 20. Qe4 Be7 21.
Ne3 Nc3 22. Qc2 Ne2+ 0-1

[Event "5th Classic Open 2013"]
[Site "London ENG"]
[Date "2013.12.10"]
[Round "4.78"]
[White "Kouchak, Jason"]
[Black "Stokes, Paul C"]
[Result "0-1"]
[WhiteElo "1740"]
[BlackElo "2030"]
[WhiteFideId "26011379"]
[BlackFideId "419010"]
[EventDate "2013.12.07"]

1. d4 Nf6 2. Nf3 e6 3. Bg5 h6 4. Bh4 c5 5. c3 b6 6. e3 Bb7 7. Nbd2 cxd4 8. exd4
Be7 9. Bd3 Nc6 10. Bxf6 Bxf6 11. Qb3 O-O 12. O-O-O Rc8 13. Kb1 Na5 14. Qa3 Be7
15. Qa4 a6 16. Rdg1 b5 17. Qd1 Nc4 18. Ne5 Nxb2 19. Kxb2 Qa5 20. Nb1 Bd5 21. c4
bxc4 22. Bxc4 Bxc4 23. Nxc4 Rxc4 24. Qd2 Rb8+ 0-1

[Event "5th Classic Open 2013"]
[Site "London ENG"]
[Date "2013.12.10"]
[Round "4.79"]
[White "Milligan, Helen"]
[Black "Reutimann, Hans Peter"]
[Result "1-0"]
[WhiteTitle "CM"]
[WhiteElo "1977"]
[BlackElo "1814"]
[WhiteFideId "2401312"]
[BlackFideId "1313886"]
[EventDate "2013.12.07"]

1. e4 e6 2. d4 d5 3. Nc3 Bb4 4. e5 Ne7 5. a3 Bxc3+ 6. bxc3 Ng6 7. Nf3 c5 8. h4
c4 9. h5 Ne7 10. h6 gxh6 11. Bxh6 Nbc6 12. Bg7 Rg8 13. Rxh7 Qa5 14. Qd2 Bd7 15.
Bf6 Rf8 16. Ng5 Ng6 17. g3 Nce7 18. Be2 Ng8 19. Bg7 O-O-O 20. Bxf8 Rxf8 21. Nxf7
N6e7 22. Nd6+ Kb8 23. Bh5 Bc6 24. Bf7 Nc8 25. Nxc8 1-0

[Event "5th Classic Open 2013"]
[Site "London ENG"]
[Date "2013.12.10"]
[Round "4.81"]
[White "Sagues, Vincent"]
[Black "Pattni, Kishan"]
[Result "1/2-1/2"]
[WhiteElo "1904"]
[BlackElo "1715"]
[WhiteFideId "625680"]
[BlackFideId "420751"]
[EventDate "2013.12.07"]

1. e4 e6 2. d4 d5 3. Nd2 Nf6 4. e5 Nfd7 5. Bd3 c5 6. c3 Nc6 7. Ne2 f6 8. exf6
Nxf6 9. Nf3 Bd6 10. O-O O-O 11. Bg5 Qe8 12. Bf4 e5 13. dxe5 Nxe5 14. Nxe5 Bxe5
15. Bxe5 Qxe5 16. Ng3 Bd7 17. Qd2 Ng4 18. Rae1 Qf6 19. Be2 Qc6 20. Rd1 Nf6 21.
Bf3 Be6 22. Ne2 Rad8 23. Nf4 Ne4 24. Bxe4 dxe4 25. Qxd8 Rxd8 26. Rxd8+ Kf7 27.
Nxe6 1/2-1/2

[Event "5th Classic Open 2013"]
[Site "London ENG"]
[Date "2013.12.10"]
[Round "4.82"]
[White "Torgersen, Markus"]
[Black "Kane, Robert"]
[Result "1-0"]
[WhiteElo "1732"]
[BlackElo "1866"]
[WhiteFideId "1511653"]
[BlackFideId "420468"]
[EventDate "2013.12.07"]

1. e4 c6 2. d4 d5 3. exd5 cxd5 4. Bd3 Nc6 5. c3 Nf6 6. Bf4 g6 7. Nf3 Bg7 8. O-O
O-O 9. Nbd2 Bf5 10. Bxf5 gxf5 11. Re1 e6 12. Ne5 Rc8 13. Ndf3 Ne4 14. Nd3 Qe7
15. Nd2 Qh4 16. Nxe4 dxe4 17. Bg3 Qe7 18. Nf4 e5 19. dxe5 Bxe5 20. Qh5 Bxf4 21.
Bxf4 Qe6 22. Re3 Ne7 23. Rh3 h6 24. Bxh6 Rfd8 25. Bg5 Kf8 26. Qh8+ Ng8 27. Bxd8
Rxd8 28. Rg3 Qxa2 29. Rxg8+ Ke7 30. Qe5+ 1-0

[Event "5th Classic Open 2013"]
[Site "London ENG"]
[Date "2013.12.10"]
[Round "4.86"]
[White "Burnham, Frank D"]
[Black "Shah, Dipak K"]
[Result "0-1"]
[WhiteElo "1818"]
[BlackElo "1886"]
[WhiteFideId "419516"]
[BlackFideId "425842"]
[EventDate "2013.12.07"]

1. e4 c5 2. b4 e6 3. bxc5 Bxc5 4. d4 Bb6 5. Nf3 Ne7 6. Bd3 d5 7. e5 h6 8. O-O
Nbc6 9. c3 Bd7 10. Na3 Rc8 11. Nb5 Bc7 12. Bd2 a6 13. Na3 b5 14. Nc2 Na5 15. Nb4
Ra8 16. Qe2 Nc4 17. Bxc4 bxc4 18. Nc2 Ng6 19. h3 O-O 20. Ne3 f5 21. exf6 Qxf6
22. Ng4 Qe7 23. Nge5 Nxe5 24. Nxe5 Bxe5 25. Qxe5 Rab8 26. Rfb1 Rb5 27. Qg3 Kh7
28. Qc7 Qf7 29. Be1 Be8 30. Qc8 Qf5 31. Rc1 a5 32. Qa6 e5 33. dxe5 Qxe5 34. a4
Rc5 35. Bd2 Qc7 36. Be3 Rf6 37. Qa8 Bc6 38. Qa7 Qxa7 39. Bxc5 Qxc5 40. Rc2 d4
41. cxd4 Qxd4 42. Rac1 Bxa4 43. Rxc4 Qxf2+ 44. Kh1 Bb3 45. Rc5 0-1

[Event "5th Classic Open 2013"]
[Site "London ENG"]
[Date "2013.12.10"]
[Round "4.87"]
[White "Haddock, Paul"]
[Black "Gupta, Arul"]
[Result "0-1"]
[WhiteElo "1668"]
[BlackElo "1840"]
[WhiteFideId "419150"]
[BlackFideId "422622"]
[EventDate "2013.12.07"]

1. e4 c5 2. Nf3 d6 3. d4 cxd4 4. Nxd4 Nf6 5. Nc3 a6 6. Bc4 e6 7. Bb3 Nbd7 8. Qe2
Be7 9. Bxe6 fxe6 10. Nxe6 Qb6 11. Nxg7+ Kf7 12. Nf5 Ne5 13. Nxe7 Kxe7 14. Bg5
Qxb2 15. Bxf6+ Kxf6 16. Nd5+ Kg7 17. O-O Rf8 18. f4 Qd4+ 19. Kh1 Ng6 20. Rad1
Qc5 21. Rd3 Bd7 22. f5 Bb5 23. fxg6 Bxd3 24. cxd3 Qc2 0-1

[Event "5th Classic Open 2013"]
[Site "London ENG"]
[Date "2013.12.11"]
[Round "5.1"]
[White "Bok, Benjamin"]
[Black "Grachev, Boris"]
[Result "1/2-1/2"]
[WhiteTitle "IM"]
[BlackTitle "GM"]
[WhiteElo "2540"]
[BlackElo "2669"]
[WhiteFideId "1017063"]
[BlackFideId "4129199"]
[EventDate "2013.12.07"]

1. e4 c5 2. Nf3 e6 3. d4 cxd4 4. Nxd4 Nf6 5. Nc3 Nc6 6. Ndb5 Bc5 7. Bf4 O-O 8.
Bc7 Qe7 9. Bd6 Bxd6 10. Qxd6 Ne8 11. Qxe7 Nxe7 12. O-O-O f5 13. Nd6 Nxd6 14.
Rxd6 fxe4 15. Nxe4 Nf5 16. Rd2 d5 17. Ng5 Ne7 18. Bd3 h6 19. Nf3 a6 20. Re1 Nc6
21. c4 Bd7 22. b3 Rad8 23. Ne5 Nxe5 24. Rxe5 Bc8 25. cxd5 Rxd5 26. Rxd5 exd5 27.
f3 Kf7 28. Rc2 Ke6 29. Rc7 g5 30. Kd2 Kd6 31. Rh7 Rf6 32. Ke3 Ke5 33. g3 d4+ 34.
Ke2 a5 35. Rc7 1/2-1/2

[Event "5th Classic Open 2013"]
[Site "London ENG"]
[Date "2013.12.11"]
[Round "5.2"]
[White "Semcesen, Daniel"]
[Black "Iordachescu, Viorel"]
[Result "1/2-1/2"]
[WhiteTitle "IM"]
[BlackTitle "GM"]
[WhiteElo "2488"]
[BlackElo "2614"]
[WhiteFideId "1706993"]
[BlackFideId "13900200"]
[EventDate "2013.12.07"]

1. d4 Nf6 2. c4 e6 3. Nc3 Bb4 4. a3 Bxc3+ 5. bxc3 c5 6. e3 b6 7. Bd3 Bb7 8. f3
Nc6 9. Nh3 Rc8 10. O-O d6 11. d5 Ne5 12. e4 Nxd3 13. Qxd3 Ba6 14. Nf4 exd5 15.
Nxd5 Nxd5 16. Qxd5 Qf6 17. Rd1 O-O 18. Rd3 Rfe8 19. Qxd6 Qh4 20. Qg3 Qxg3 21.
hxg3 Bxc4 22. Rd1 Bb3 23. Rd6 Rcd8 24. Bf4 f6 25. g4 Kf7 26. Rb1 Ba4 27. Rb2
Rxd6 28. Bxd6 Rd8 29. Rd2 Ke6 1/2-1/2

[Event "5th Classic Open 2013"]
[Site "London ENG"]
[Date "2013.12.11"]
[Round "5.4"]
[White "Brunello, Sabino"]
[Black "Slavin, Alexey"]
[Result "1-0"]
[WhiteTitle "GM"]
[BlackTitle "IM"]
[WhiteElo "2603"]
[BlackElo "2363"]
[WhiteFideId "813613"]
[BlackFideId "24104388"]
[EventDate "2013.12.07"]

1. d4 Nf6 2. c4 e6 3. Nc3 Bb4 4. e3 b6 5. Ne2 Ba6 6. a3 Be7 7. Nf4 d5 8. cxd5
Bxf1 9. Kxf1 exd5 10. g4 g5 11. Nh5 Nxh5 12. gxh5 O-O 13. h4 f5 14. hxg5 Bxg5
15. h6 Kh8 16. f4 Be7 17. b4 a6 18. Ra2 c6 19. Rg2 Nd7 20. Qh5 b5 21. Rg7 Qe8
22. Qh3 Bd6 23. e4 dxe4 24. d5 Nb6 25. Qg3 Rg8 26. Be3 Nc4 27. Bd4 Be5 28. fxe5
f4 29. Rxg8+ Qxg8 30. e6+ 1-0